000 00312nam a22001337a 4500
008 170718b xxu||||| |||| 00| 0 eng d
020 _a9411
041 _aeng
080 _a2
100 _a24
101 _aTEO
245 _aTHE MEASUREMENT AND PREDICTION OF JUDGEMENT AND CHOICE
_cBOCK, R.D
942 _2udc
_cBK
999 _c21428
_d21428